[Event "ICS rated blitz match"]
[Site "204.178.125.65"]
[Date "1999.10.23"]
[Round "?"]
[White "Chemberlen"]
[Black "Hossa"]
[Result "0-1"]
[WhiteElo "2497"]
[BlackElo "2452"]
[PlyCount "96"]
[EventDate "1999.??.??"]

1. d3 d5 2. Nc3 Nf6 3. g3 e5 4. Bg2 Bc5 5. e4 dxe4 6. Nxe4 Nxe4 7. Bxe4 O-O 8.
Be3 Bxe3 9. fxe3 c6 10. Bg2 Qb6 11. Qc1 Bg4 12. Ne2 Bxe2 13. Kxe2 Nd7 14. Rf1
Nf6 15. a4 Qc5 16. c3 Rad8 17. d4 exd4 18. exd4 Qh5+ 19. Kd2 Qxh2 20. Rg1 c5
21. Kc2 cxd4 22. Kb3 Qxg3 23. a5 Qe5 24. Qf1 dxc3 25. bxc3 Nd5 26. Bxd5 Qxd5+
27. Qc4 Qxc4+ 28. Kxc4 Rfe8 29. Rab1 Re4+ 30. Kb3 Rd5 31. Rbd1 Ree5 32. c4 Re3+
33. Kb4 Rdd3 34. Rge1 Kf8 35. Rxe3 Rxd1 36. Rb3 Rd6 37. Kc5 Rd7 38. a6 b6+ 39.
Kc6 Re7 40. c5 bxc5 41. Rb8+ Re8 42. Rb7 Rc8+ 43. Kd5 c4 44. Rxa7 c3 45. Rb7 c2
46. a7 c1=Q 47. Rb8 Qc4+ 48. Kd6 48... Qd4# {Chemberlen checkmated} 0-1

[Event "ICS rated bullet match"]
[Site "204.178.125.65"]
[Date "1999.10.23"]
[Round "?"]
[White "leslie"]
[Black "Hossa"]
[Result "0-1"]
[WhiteElo "1100"]
[BlackElo "2475"]
[Annotator "Steffen A. Jakob"]
[PlyCount "12"]
[EventDate "1999.??.??"]

1. e4 e5 2. f4 d5 3. exd5 e4 4. d4 ({RR} 4. Bc4 4... Nf6 5. d4 Bg4 6. Ne2 Nxd5
7. O-O Be7 8. Bb3 O-O 9. c4 Nb4 10. Nbc3 f5 11. Be3 Kh8 12. Qd2 Nd7 13. a3 Nd3
14. Nc1 Nxc1 15. Raxc1 c6 16. Bd1 Nf6 17. h3 Bh5 18. b4 18... Bf7 {
Zachary,C-Salleh,H/ASIA-chT 1995/EXP 50/1/2-1/2 (68)}) 4... Qxd5 $146 ({RR} 
4... Nf6 5. c4 c6 6. dxc6 Nxc6 7. d5 Bc5 8. a3 a5 9. Nc3 Qb6 10. Nh3 Bxh3 11.
gxh3 Bf2+ 12. Ke2 e3 13. dxc6 Qc5 14. Bg2 O-O 15. cxb7 Rad8 16. Qa4 Nh5 17. Nd5
Nxf4+ 18. Nxf4 Rd2+ 19. Bxd2 exd2 20. Nd5 Bh4 21. Rhf1 Qd4 22. Rf4 Qe5+ 23.
Kxd2 Bg5 24. Raf1 Re8 25. Kc1 Bxf4+ 26. Nxf4 {
1-0 Boesel,G-Loukili,A/Paris 1993/EXT 93op (26)}) 5. Nd2 Qxd4 6. g3 6... Bc5 {
leslie resigns} 0-1

[Event "ICS rated bullet match"]
[Site "204.178.125.65"]
[Date "1999.10.23"]
[Round "?"]
[White "apatrid"]
[Black "Hossa"]
[Result "0-1"]
[WhiteElo "1997"]
[BlackElo "2479"]
[PlyCount "96"]
[EventDate "1999.??.??"]

1. e4 e5 2. Nf3 Nf6 3. Nxe5 d6 4. Nf3 Nxe4 5. Qe2 Qe7 6. d3 Nf6 7. Bg5 Qxe2+ 8.
Bxe2 Be7 9. Nc3 O-O 10. O-O-O Re8 11. Nd4 Nc6 12. Nxc6 bxc6 13. Bf3 d5 14. Rhe1
Be6 15. Ne2 h6 16. Bf4 g5 17. Bxc7 g4 18. Nd4 gxf3 19. Nxf3 Bg4 20. Re3 Bc5 21.
Rxe8+ Rxe8 22. d4 Bb6 23. Be5 Nd7 24. Bf4 Re2 25. Rd2 Bxf3 26. gxf3 Re1+ 27.
Rd1 Rxd1+ 28. Kxd1 Bxd4 29. c3 Bg7 30. Be3 c5 31. Kc2 a5 32. b3 h5 33. c4 dxc4
34. bxc4 a4 35. h3 Ne5 36. Bxc5 Nxc4 37. Kd3 Nb2+ 38. Ke4 Bc3 39. f4 Kg7 40. f5
Bf6 41. Bd4 Bxd4 42. Kxd4 Kf6 43. Kc3 Nd1+ 44. Kb4 Nxf2 45. Kxa4 Nxh3 46. Kb5
h4 47. a4 Nf4 48. a5 48... h3 {apatrid resigns} 0-1

[Event "ICS rated blitz match"]
[Site "204.178.125.65"]
[Date "1999.10.24"]
[Round "?"]
[White "Hossa"]
[Black "boogie-woogie"]
[Result "1-0"]
[WhiteElo "2470"]
[BlackElo "2246"]
[PlyCount "57"]
[EventDate "1999.??.??"]

1. e4 e5 2. Bc4 Nf6 3. d3 Nc6 4. Nf3 Bc5 5. O-O d6 6. c3 Bb6 7. Bg5 h6 8. Be3
O-O 9. Nbd2 Re8 10. Qe2 d5 11. exd5 Nxd5 12. Rae1 Bg4 13. Bxb6 axb6 14. d4 Nf6
15. Qd3 exd4 16. Rxe8+ Nxe8 17. Nxd4 Nxd4 18. cxd4 Nd6 19. Bb3 Qe7 20. Rc1 Re8
21. Qg6 Qe2 22. Qc2 Bf5 23. Qc3 Bd3 24. Nf3 Ne4 25. Qxc7 Qxf2+ 26. Kh1 Ng5 27.
Bd5 Be4 28. Bxe4 Rxe4 29. Qc8+ {boogie-woogie resigns} 1-0

[Event "ICS rated blitz match"]
[Site "204.178.125.65"]
[Date "1999.10.24"]
[Round "?"]
[White "boogie-woogie"]
[Black "Hossa"]
[Result "1/2-1/2"]
[WhiteElo "2239"]
[BlackElo "2477"]
[PlyCount "74"]
[EventDate "1999.??.??"]

1. Nc3 d5 2. e4 d4 3. Nce2 Nc6 4. Ng3 e5 5. Nf3 Nf6 6. Bc4 Bd6 7. O-O O-O 8. a3
Na5 9. Ba2 c5 10. d3 Nc6 11. Nh4 Bg4 12. f3 Be6 13. Nhf5 Bxa2 14. Rxa2 Ne7 15.
Bg5 Nxf5 16. Nxf5 Re8 17. Ra1 h6 18. Bd2 Rc8 19. b3 Nh5 20. f4 Nxf4 21. Qg4 Ng6
22. h4 h5 23. Qxh5 Be7 24. Rf3 Qb6 25. Raf1 Bf8 26. Qg4 Qe6 27. Rg3 Kh7 28. Qg5
Be7 29. Qh5+ Kg8 30. Nxg7 Kxg7 31. Qh6+ Kg8 32. h5 Bf8 33. Qg5 Be7 34. Qh6 Bf8
35. Qg5 Be7 36. Qh6 Bf8 37. Qg5 37... Be7 {Game drawn by repetition} 1/2-1/2

[Event "ICS rated blitz match"]
[Site "204.178.125.65"]
[Date "1999.10.24"]
[Round "?"]
[White "boogie-woogie"]
[Black "Hossa"]
[Result "0-1"]
[WhiteElo "2242"]
[BlackElo "2474"]
[PlyCount "86"]
[EventDate "1999.??.??"]

1. Nc3 d5 2. e4 d4 3. Nce2 Nc6 4. Ng3 e5 5. Nf3 Nf6 6. Bb5 Bd6 7. Bxc6+ bxc6 8.
d3 O-O 9. O-O Rb8 10. b3 Bg4 11. h3 Bc8 12. a4 c5 13. Qe2 Ne8 14. Nf5 Bxf5 15.
exf5 Nf6 16. Nd2 Qd7 17. g4 Nd5 18. Ne4 a6 19. Bd2 f6 20. Qf3 Be7 21. Kg2 Rb7
22. Rh1 Rfb8 23. Rag1 c6 24. Kf1 Nb4 25. Bxb4 Rxb4 26. Ke2 Qd5 27. h4 Kh8 28.
g5 Rf8 29. gxf6 Bxf6 30. Rg4 Bd8 31. Rhg1 g6 32. Nd2 Rxf5 33. Qg3 Rb7 34. Ne4
Rbf7 35. Rxg6 hxg6 36. Qxg6 Rxf2+ 37. Ke1 Ba5+ 38. Kd1 Rf1+ 39. Rxf1 Rxf1+ 40.
Ke2 Qf7 41. Qh6+ Kg8 42. Qg5+ Kh7 43. Qg4 43... Re1# {boogie-woogie checkmated}
0-1

[Event "ICS rated blitz match"]
[Site "204.178.125.65"]
[Date "1999.10.24"]
[Round "?"]
[White "boogie-woogie"]
[Black "Hossa"]
[Result "1-0"]
[WhiteElo "2229"]
[BlackElo "2487"]
[PlyCount "175"]
[EventDate "1999.??.??"]

1. Nc3 d5 2. e4 d4 3. Nce2 Nc6 4. Ng3 e5 5. Nf3 Nf6 6. Bb5 Bd6 7. Bxc6+ bxc6 8.
d3 O-O 9. O-O Rb8 10. Qe2 Bg4 11. h3 Be6 12. b3 Nd7 13. Bd2 c5 14. Nh2 Qe7 15.
f3 Rb7 16. Ng4 c6 17. Nf5 Bxf5 18. exf5 Re8 19. Rae1 Rb6 20. f6 Nxf6 21. Bg5 h5
22. Bxf6 gxf6 23. Nh6+ Kh7 24. Nf5 Qd7 25. Qe4 Kh8 26. g4 Ra6 27. a4 Rg8 28.
Kf2 Bc7 29. Rg1 Ba5 30. Rd1 Rg5 31. h4 Rxf5 32. gxf5 Qd5 33. Rg2 Kh7 34. Rdg1
Bd2 35. Rg7+ Kh6 36. Rg8 Be3+ 37. Ke2 Bxg1 38. Rxg1 Kh7 39. f4 Qxe4+ 40. dxe4
exf4 41. Kd3 Rb6 42. Rf1 Rb4 43. Rxf4 c4+ 44. bxc4 c5 45. Rf1 Rxa4 46. Rb1 Ra3+
47. Kd2 Rc3 48. Rb7 Kg7 49. Rxa7 Re3 50. Rc7 Rxe4 51. Rxc5 Rxh4 52. Ra5 Rh3 53.
Rd5 Rf3 54. c5 Rc3 55. Rxd4 Rxc5 56. Rf4 Kh6 57. c4 Kg5 58. Rd4 Kxf5 59. Kc3
Ke6 60. Kb4 Rg5 61. Rd1 h4 62. c5 Rd5 63. Re1+ Re5 64. Rh1 Rh5 65. Rh3 Ke5 66.
Kb5 Kd4 67. Kb6 f5 68. c6 Rh6 69. Kb7 Kc5 70. c7 Rh8 71. Rxh4 Re8 72. Rh5 Kd6
73. Rxf5 Re7 74. Rf6+ Ke5 75. Rf1 Kd4 76. Kb8 Re8+ 77. c8=Q Re3 78. Qd7+ Kc3
79. Qc6+ Kd3 80. Qd5+ Kc2 81. Qc4+ Kb2 82. Qc1+ Kb3 83. Qxe3+ Kc4 84. Rc1+ Kd5
85. Rc5+ Kd6 86. Qe5+ Kd7 87. Rc7+ Kd8 88. Qe7# {Hossa checkmated} 1-0

[Event "ICS rated blitz match"]
[Site "204.178.125.65"]
[Date "1999.10.24"]
[Round "?"]
[White "Hossa"]
[Black "boogie-woogie"]
[Result "1-0"]
[WhiteElo "2461"]
[BlackElo "2249"]
[PlyCount "41"]
[EventDate "1999.??.??"]

1. e4 e6 2. d3 d5 3. Nd2 Nc6 4. Ngf3 Nf6 5. e5 Nd7 6. d4 a6 7. Be2 Ncb8 8. O-O
c5 9. c3 Nc6 10. Nb3 Be7 11. Nxc5 Nxc5 12. dxc5 g5 13. h3 Rg8 14. Be3 Qc7 15.
Bd4 h5 16. Qd3 g4 17. hxg4 hxg4 18. Nh2 Nxe5 19. Qg3 f6 20. Nxg4 Kf8 21. Qf4 {
boogie-woogie resigns} 1-0

[Event "ICS rated blitz match"]
[Site "204.178.125.65"]
[Date "1999.10.24"]
[Round "?"]
[White "Hossa"]
[Black "boogie-woogie"]
[Result "1-0"]
[WhiteElo "2475"]
[BlackElo "2235"]
[PlyCount "101"]
[EventDate "1999.??.??"]

1. e4 e6 2. d3 d5 3. Nd2 Nf6 4. Ngf3 Nc6 5. e5 Nd7 6. d4 Ncb8 7. Nb3 a5 8. Bg5
Be7 9. Bxe7 Qxe7 10. Be2 b6 11. c4 dxc4 12. Bxc4 Bb7 13. O-O O-O 14. Rc1 a4 15.
Nbd2 c5 16. dxc5 Nxc5 17. Bb5 Nc6 18. Bxc6 Bxc6 19. Nc4 Rfd8 20. Nd4 Qb7 21.
Nd6 Rxd6 22. exd6 Bxg2 23. Re1 Rd8 24. f3 Bh3 25. Nb5 f6 26. Qe2 Qf7 27. Kh1
Bf5 28. Red1 Qg6 29. Rc3 e5 30. Nc7 Qf7 31. Qb5 e4 32. Qxb6 Nd3 33. Nd5 Qxd5
34. Qxd8+ Kf7 35. Rc7+ Kg6 36. Rg1+ Kh6 37. Rgxg7 Nf2+ 38. Kg2 exf3+ 39. Kxf2
Qd4+ 40. Kxf3 Be4+ 41. Ke2 Qd3+ 42. Kf2 Qd2+ 43. Kf1 Bd3+ 44. Kg1 Qe1+ 45. Kg2
Be4+ 46. Kh3 Qf1+ 47. Kh4 Qf4+ 48. Kh3 Qf3+ 49. Kh4 Qf2+ 50. Rg3 Bf5 51. Qf8# {
boogie-woogie checkmated} 1-0

[Event "ICS rated blitz match"]
[Site "204.178.125.65"]
[Date "1999.10.24"]
[Round "?"]
[White "Hossa"]
[Black "LoadedGun"]
[Result "0-1"]
[WhiteElo "2487"]
[BlackElo "2396"]
[PlyCount "129"]
[EventDate "1999.??.??"]

1. e4 c6 2. d4 d5 3. exd5 cxd5 4. Bd3 Nc6 5. c3 Qc7 6. Ne2 Bg4 7. f3 Bd7 8. O-O
e6 9. Bf4 Bd6 10. Bxd6 Qxd6 11. Na3 Nf6 12. Nb5 Qb8 13. Re1 O-O 14. c4 Nb4 15.
cxd5 Nfxd5 16. Nbc3 Nxd3 17. Qxd3 Qd6 18. Rac1 Rfe8 19. Ne4 Qb6 20. Qa3 Red8
21. Kh1 Rac8 22. Rc5 Bc6 23. Rc4 Qc7 24. Rec1 Qb8 25. R4c2 h6 26. Qa5 Ne3 27.
Rc3 Nf5 28. Rc4 Bxe4 29. fxe4 Rxc4 30. Rxc4 b6 31. Qa3 Nd6 32. Ra4 Qb7 33. d5
exd5 34. Rxa7 Qb8 35. Qa6 dxe4 36. Re7 Re8 37. Rd7 Qc8 38. Qxc8 Nxc8 39. a4 e3
40. b4 Ne7 41. Rb7 Nd5 42. a5 Ra8 43. Nd4 bxa5 44. bxa5 Rxa5 45. g3 Ra2 46. Rd7
Nc3 47. Re7 e2 48. Nf3 Kf8 49. Rc7 Ra1+ 50. Kg2 Ne4 51. Rb7 Rf1 52. Rb8+ Ke7
53. Rb7+ Kd8 54. Rb8+ Kd7 55. Rb4 Rf2+ 56. Kg1 Rxf3 57. Rxe4 Rf1+ 58. Kg2 e1=Q
59. Rxe1 Rxe1 60. h3 Re3 61. Kf2 Rb3 62. Kg2 Rb2+ 63. Kf3 h5 64. h4 Rb3+ 65.
Kg2 {Hossa resigns} 0-1

[Event "ICS rated blitz match"]
[Site "204.178.125.65"]
[Date "1999.10.24"]
[Round "?"]
[White "LoadedGun"]
[Black "Hossa"]
[Result "1-0"]
[WhiteElo "2416"]
[BlackElo "2467"]
[PlyCount "112"]
[EventDate "1999.??.??"]

1. d4 e6 2. e4 d5 3. Nc3 Nf6 4. e5 Nfd7 5. f4 c5 6. Nf3 Nc6 7. Be3 Be7 8. Be2
O-O 9. O-O f6 10. exf6 Nxf6 11. Ne5 Nxd4 12. Bxd4 cxd4 13. Qxd4 Nd7 14. Kh1 Bc5
15. Qd2 b6 16. Rae1 Nxe5 17. fxe5 Rxf1+ 18. Rxf1 Rb8 19. Bd3 Qh4 20. a3 Qh5 21.
b4 Be7 22. Qe3 Bd7 23. Nb5 a5 24. Nd6 Rf8 25. Rxf8+ Bxf8 26. Be2 Qh4 27. g3 Qd8
28. Qf4 Qe7 29. b5 g5 30. Qe3 Qg7 31. h3 h6 32. Kg2 a4 33. c3 Be7 34. Bd1 Bd8
35. Bxa4 Bc7 36. Bc2 g4 37. hxg4 Qxg4 38. Bd3 Qg7 39. Qd4 h5 40. Kh2 Qf8 41.
Qh4 Qh6 42. Be2 Qe3 43. Qxh5 Bxd6 44. exd6 Qf2+ 45. Kh3 Qf6 46. Qg4+ Kf8 47.
Kg2 Qxc3 48. Qf4+ Kg8 49. Qg5+ Kh7 50. Qe7+ Kh6 51. Qxd7 Qe3 52. Bf3 Qe5 53.
Qe7 Qf5 54. d7 Qc2+ 55. Kg1 Qb1+ 56. Kh2 56... Qb2+ {Hossa resigns} 1-0

[Event "ICS rated blitz match"]
[Site "204.178.125.65"]
[Date "1999.10.24"]
[Round "?"]
[White "Hossa"]
[Black "LoadedGun"]
[Result "0-1"]
[WhiteElo "2449"]
[BlackElo "2434"]
[PlyCount "97"]
[EventDate "1999.??.??"]

1. e4 c5 2. Nf3 d6 3. d4 cxd4 4. Nxd4 Nf6 5. Nc3 a6 6. Bg5 e6 7. f4 b5 8. e5
dxe5 9. fxe5 Qc7 10. exf6 Qe5+ 11. Be2 Qxg5 12. O-O Qe5 13. Bf3 Ra7 14. Ne4 Rd7
15. fxg7 Bxg7 16. c3 O-O 17. Qd2 Rfd8 18. Rad1 Bb7 19. Rde1 b4 20. a3 bxa3 21.
bxa3 Qc7 22. Qg5 Bxe4 23. Rxe4 Qxc3 24. Ne2 Qxa3 25. Bh5 Nc6 26. Rc4 Ne5 27.
Rcc1 Qe7 28. Qg3 Rd3 29. Qf4 Rb3 30. Rc2 Rb4 31. Qf2 Rh4 32. Rc7 Qxc7 33. Qxh4
Ng6 34. Qg4 Qb7 35. Qh3 Rd2 36. Qa3 Nh4 37. Qg3 Nf5 38. Qf4 Rb2 39. Qa4 Bd4+
40. Kh1 Rb1 41. Rd1 Ne3 42. Qe8+ Kg7 43. Qxf7+ Qxf7 44. Rxb1 Qxh5 45. Nxd4 Qg4
46. Nxe6+ Kf6 47. Nf4 Qxf4 48. Kg1 Qe4 49. Rb2 {Hossa resigns} 0-1

[Event "ICS rated blitz match"]
[Site "204.178.125.65"]
[Date "1999.10.24"]
[Round "?"]
[White "lamey"]
[Black "Hossa"]
[Result "0-1"]
[WhiteElo "2265"]
[BlackElo "2432"]
[PlyCount "144"]
[EventDate "1999.??.??"]

1. d3 d5 2. e4 dxe4 3. dxe4 Qxd1+ 4. Kxd1 Nc6 5. c3 Nf6 6. f3 e5 7. Be3 Bd6 8.
Bb5 a6 9. Bxc6+ bxc6 10. Nd2 Be6 11. c4 O-O 12. b3 Rad8 13. Kc2 Nd7 14. Ne2
Rfe8 15. Rhd1 Rb8 16. Nf1 Red8 17. Rd2 a5 18. Rad1 a4 19. Nc3 axb3+ 20. axb3
Bb4 21. Rd3 Ra8 22. Nd2 f5 23. Ndb1 fxe4 24. fxe4 h6 25. h3 c5 26. Bc1 Ra7 27.
Bb2 c6 28. Ne2 Re8 29. Rd6 g6 30. Nbc3 Nf8 31. Rxc6 Bd7 32. Rcd6 Rb8 33. Nd5
Bc8 34. Rd8 Ba5 35. Bxe5 Bxd8 36. Bxb8 Rf7 37. Bg3 Be6 38. Nec3 Bg5 39. Kd3
Bxh3 40. gxh3 Rf3+ 41. Ke2 Rxg3 42. h4 Bxh4 43. e5 Ne6 44. Ne4 Rxb3 45. Rg1
Nd4+ 46. Kd2 Nf3+ 47. Kc2 Nxg1 48. Kxb3 Nf3 49. e6 Nd4+ 50. Kc3 Be1+ 51. Kd3
Nxe6 52. Ne7+ Kf7 53. Nc6 Kg7 54. Ne5 Bb4 55. Nf3 g5 56. Ng3 Nf4+ 57. Ke4 Kf6
58. Ne5 h5 59. Nf1 Ne2 60. Ne3 Nc3+ 61. Kf3 Kxe5 62. Nd5 Nxd5 63. cxd5 Kxd5 64.
Ke3 h4 65. Kf3 g4+ 66. Kxg4 Ke4 67. Kxh4 c4 68. Kg4 c3 69. Kg5 c2 70. Kg6 c1=Q
71. Kf7 Qg5 72. Ke6 72... Qf5# {lamey checkmated} 0-1

[Event "ICS rated blitz match"]
[Site "204.178.125.65"]
[Date "1999.10.24"]
[Round "?"]
[White "clint"]
[Black "Hossa"]
[Result "1/2-1/2"]
[WhiteElo "2224"]
[BlackElo "2449"]
[PlyCount "88"]
[EventDate "1999.??.??"]

1. d4 e6 2. Nc3 Nf6 3. e4 d5 4. e5 Nfd7 5. f4 c5 6. Nce2 Nc6 7. Nf3 Be7 8. c3
O-O 9. a3 f6 10. b4 fxe5 11. fxe5 cxd4 12. cxd4 Nb6 13. Ng3 a5 14. b5 Na7 15.
Bd3 Bd7 16. Qe2 Rc8 17. O-O Nc4 18. a4 Qb6 19. Kh1 Bb4 20. Be3 Nxe3 21. Qxe3
Kh8 22. Qg5 Rc3 23. Bb1 Rcxf3 24. gxf3 Be8 25. Qh4 g6 26. Bd3 Nc8 27. Ne2 Kg7
28. f4 Ne7 29. Rg1 Kg8 30. Rab1 Nf5 31. Bxf5 Rxf5 32. Rbd1 Rf7 33. Ng3 Be7 34.
Qg4 Rg7 35. Ne2 Bf8 36. Rc1 Rf7 37. Rc2 Bd7 38. Rgc1 Ba3 39. Ra1 Bb4 40. Rac1
Ba3 41. Ra1 Bb4 42. Rg1 Bf8 43. Rc3 Bb4 44. Rc2 44... Bf8 {
Game drawn by repetition} 1/2-1/2

[Event "ICS rated blitz match"]
[Site "204.178.125.65"]
[Date "1999.10.24"]
[Round "?"]
[White "Hossa"]
[Black "clint"]
[Result "1-0"]
[WhiteElo "2440"]
[BlackElo "2233"]
[PlyCount "63"]
[EventDate "1999.??.??"]

1. e4 c5 2. Nf3 Nc6 3. d4 cxd4 4. Nxd4 e5 5. Nb5 Nf6 6. Bg5 d6 7. Bc4 a6 8.
Bxf6 gxf6 9. Qh5 Qd7 10. Be6 Qe7 11. Bxf7+ Kd8 12. N5c3 Be6 13. Bxe6 Qxe6 14.
Nd5 Ne7 15. Nbc3 Ng6 16. O-O-O Be7 17. Rd3 b5 18. Kb1 Rc8 19. Rg3 Qf7 20. Rd1
Rc4 21. Qf5 Ke8 22. Nb6 Rc6 23. Qd7+ Kf8 24. Qxc6 Kg7 25. Ncd5 h5 26. Qb7 Kh6
27. Rxg6+ Qxg6 28. Nxe7 Qh7 29. Nf5+ Kg5 30. h4+ Kf4 31. Nd5+ Kg4 32. f3# {
clint checkmated} 1-0

[Event "ICS rated blitz match"]
[Site "204.178.125.65"]
[Date "1999.10.24"]
[Round "?"]
[White "Hossa"]
[Black "LoadedGun"]
[Result "0-1"]
[WhiteElo "2447"]
[BlackElo "2446"]
[PlyCount "102"]
[EventDate "1999.??.??"]

1. e4 c5 2. Nf3 d6 3. d4 cxd4 4. Nxd4 Nf6 5. Nc3 Nc6 6. Bg5 a6 7. Be2 Bd7 8.
Nf3 h6 9. Be3 Ng4 10. Bc1 g6 11. O-O Bg7 12. Bf4 O-O 13. Rb1 g5 14. Bc1 Qa5 15.
Nxg5 Nxh2 16. Kxh2 hxg5 17. Kg1 Rac8 18. Ra1 Bxc3 19. bxc3 Nd8 20. Bd2 Ne6 21.
Bd3 Qe5 22. Rb1 Bc6 23. Qg4 Kg7 24. f4 Qc5+ 25. Rf2 Rh8 26. Qg3 Rh5 27. Be2 Rh7
28. Bg4 Rch8 29. Bh3 Bxe4 30. fxg5 Qc4 31. Rb4 Qc6 32. c4 Kg6 33. Be3 a5 34.
Rb3 Qxc4 35. c3 Kg7 36. Rf1 b5 37. Qf2 Kf8 38. Ra3 a4 39. Qg3 Ke8 40. Qf2 Nc5
41. Qg3 Qd3 42. Qf2 Rxh3 43. gxh3 Rxh3 44. Qxf7+ Kd7 45. Re1 Rh1+ 46. Kf2 Rxe1
47. Kxe1 Qxe3+ 48. Kf1 Nd3 49. Qf5+ Bxf5 50. Kg2 Qf2+ 51. Kh1 51... Be4# {
Hossa checkmated} 0-1

[Event "ICS rated blitz match"]
[Site "204.178.125.65"]
[Date "1999.10.24"]
[Round "?"]
[White "LoadedGun"]
[Black "Hossa"]
[Result "1-0"]
[WhiteElo "2462"]
[BlackElo "2431"]
[PlyCount "119"]
[EventDate "1999.??.??"]

1. d4 e6 2. e4 d5 3. Nc3 Nf6 4. Bg5 dxe4 5. Nxe4 Be7 6. Bxf6 gxf6 7. Nf3 O-O 8.
Bc4 Nc6 9. O-O e5 10. d5 Na5 11. Be2 f5 12. Ng3 f4 13. Ne4 f5 14. Nc3 e4 15.
Nd4 Rf6 16. Qd2 Rb6 17. Qxf4 Bd6 18. Qc1 Be5 19. Rd1 Qh4 20. h3 Bf4 21. Qb1 e3
22. fxe3 Bxe3+ 23. Kh1 Bxd4 24. Rd3 Nc4 25. Na4 Rd6 26. Qe1 Bf2 27. Qc3 Rd7 28.
Rf1 Nd6 29. Nc5 Ne4 30. Nxe4 fxe4 31. Rd2 Rf7 32. a4 Rf4 33. Rdd1 e3 34. Rg1
Bxg1 35. Rxg1 Qe7 36. Qb3 Kf8 37. Qc3 Kf7 38. Re1 Kg8 39. Bf3 Rxa4 40. d6 Qf7
41. dxc7 Rc4 42. Qxe3 Kg7 43. Qe5+ Qf6 44. Qg3+ Qg6 45. Qe5+ Kh6 46. Rd1 Be6
47. Qe3+ Kg7 48. b3 Rxc2 49. Be4 Bf5 50. Bxc2 Qe6 51. Qd4+ Kg6 52. Qg4+ Kf7 53.
Bxf5 Qxb3 54. Bc2 Qxc2 55. Rf1+ Ke7 56. Qg5+ Kd7 57. Qd5+ Kxc7 58. Rf7+ Kb6 59.
Rxb7+ Ka6 60. Qb5# {Hossa checkmated} 1-0

[Event "ICS rated blitz match"]
[Site "204.178.125.65"]
[Date "1999.10.24"]
[Round "?"]
[White "Hossa"]
[Black "LoadedGun"]
[Result "0-1"]
[WhiteElo "2416"]
[BlackElo "2477"]
[PlyCount "118"]
[EventDate "1999.??.??"]

1. e4 e5 2. Bc4 Nc6 3. Nf3 Nf6 4. d3 Bc5 5. Nc3 h6 6. O-O d6 7. Na4 Bb6 8. Nxb6
axb6 9. Be3 Be6 10. Bb5 O-O 11. c4 Bg4 12. a3 Nd4 13. Bxd4 exd4 14. b3 c6 15.
Ba4 Bxf3 16. Qxf3 Ra5 17. Rfc1 b5 18. Bxb5 cxb5 19. b4 Ra7 20. cxb5 Qa8 21. Qe2
Rxa3 22. Qb2 Rxa1 23. Rxa1 Qe8 24. Qxd4 Qe5 25. Qxe5 dxe5 26. Ra7 Rd8 27. Rxb7
Nxe4 28. f3 Nd6 29. Rb6 Kf8 30. Kf2 Nf5 31. Rb7 Rxd3 32. b6 Rd2+ 33. Ke1 Rd6
34. Ke2 g6 35. Rb8+ Kg7 36. Rb7 Nd4+ 37. Kf2 Kf6 38. h4 Nf5 39. Ke2 Nxh4 40. g3
Nf5 41. g4 Nd4+ 42. Kf2 Rc6 43. Kg2 Rc2+ 44. Kg3 Rb2 45. Rd7 Rxb4 46. b7 Rb3
47. Rd6+ Ke7 48. Rd5 Ke6 49. Rd8 Rxb7 50. Re8+ Kf6 51. Rh8 Rb3 52. Rxh6 Rxf3+
53. Kh2 Kg5 54. Rh8 Kxg4 55. Rf8 Rf2+ 56. Kh1 Kg3 57. Rxf7 Rxf7 58. Kg1 Ne2+
59. Kh1 59... Rh7# {Hossa checkmated} 0-1

[Event "ICS rated blitz match"]
[Site "204.178.125.65"]
[Date "1999.10.24"]
[Round "?"]
[White "MissSilicon"]
[Black "Hossa"]
[Result "1-0"]
[WhiteElo "2672"]
[BlackElo "2434"]
[PlyCount "95"]
[EventDate "1999.??.??"]

1. Nf3 d5 2. c4 d4 3. g3 Nc6 4. Qa4 Bd7 5. Bg2 e5 6. d3 Bc5 7. O-O Nf6 8. Bg5
h6 9. Bxf6 gxf6 10. Nbd2 Qe7 11. Ne4 O-O-O 12. Nxc5 Qxc5 13. Kh1 Rhg8 14. Qc2
Bg4 15. Qc1 Qf8 16. Re1 Nb4 17. a3 Nc6 18. e4 dxe3 19. Qxe3 Kb8 20. b4 Bf5 21.
Rad1 Bg4 22. Rd2 Qg7 23. h3 Bxf3 24. Qxf3 Qg5 25. Rde2 Qg6 26. Rd1 Rd4 27. b5
Na5 28. Re4 Rgd8 29. Rxd4 Rxd4 30. Qe2 Nb3 31. Be4 f5 32. Bd5 f6 33. Kh2 h5 34.
f4 h4 35. gxh4 Qh6 36. fxe5 Rxh4 37. exf6 Rxh3+ 38. Kg1 Qg6+ 39. Kf1 Nd4 40. f7
Rh8 41. Qe7 Qd6 42. Qe8+ Qd8 43. Re1 Ne2 44. Rxe2 Rf8 45. Qxf8 a6 46. Qxd8+ Ka7
47. Qxc7 axb5 48. Qxb7# {Hossa checkmated} 1-0

[Event "ICS rated blitz match"]
[Site "204.178.125.65"]
[Date "1999.10.24"]
[Round "?"]
[White "Hossa"]
[Black "toothfairy"]
[Result "1-0"]
[WhiteElo "2428"]
[BlackElo "2145"]
[PlyCount "75"]
[EventDate "1999.??.??"]

1. e4 e5 2. Bc4 Bc5 3. Nf3 Nc6 4. d3 d6 5. c3 Nf6 6. O-O O-O 7. Be3 Bxe3 8.
fxe3 Na5 9. Na3 Nxc4 10. Nxc4 Be6 11. Nfd2 Ng4 12. Qf3 Qg5 13. a4 a6 14. h3 Nf6
15. d4 Bxc4 16. Nxc4 b5 17. axb5 axb5 18. Nd2 c5 19. Qf2 Qg6 20. Qh4 h6 21.
Rfc1 c4 22. Rf1 Rfe8 23. Rxa8 Rxa8 24. Rf3 Qg5 25. Qe1 Nh5 26. Kh1 Ra2 27. g4
Nf6 28. Rf5 Qg6 29. Qb1 Ra8 30. dxe5 dxe5 31. Rxe5 Nxg4 32. hxg4 Qxg4 33. Qf1
Ra2 34. Rxb5 Qh4+ 35. Kg2 Qg4+ 36. Kf2 Qh4+ 37. Kf3 Qh5+ 38. Rxh5 {
toothfairy resigns} 1-0

[Event "ICS rated blitz match"]
[Site "204.178.125.65"]
[Date "1999.10.24"]
[Round "?"]
[White "toothfairy"]
[Black "Hossa"]
[Result "1-0"]
[WhiteElo "2140"]
[BlackElo "2433"]
[PlyCount "108"]
[EventDate "1999.??.??"]

1. e4 e5 2. Nf3 Nf6 3. Nxe5 d6 4. Nc4 Nxe4 5. Qe2 d5 6. d3 Be6 7. dxe4 dxc4 8.
Nc3 Bb4 9. Bd2 Nc6 10. O-O-O Nd4 11. Qe3 Bc5 12. Qg3 O-O 13. Be3 Bb6 14. Nb5
Nxb5 15. Rxd8 Bxe3+ 16. Qxe3 Rfxd8 17. c3 Rd7 18. Be2 a6 19. Rd1 Rxd1+ 20. Bxd1
Rd8 21. f4 b6 22. Be2 Nd6 23. f5 Bc8 24. g4 f6 25. e5 fxe5 26. Qxe5 b5 27. Bf3
Re8 28. Bd5+ Kf8 29. Qg3 Bd7 30. h4 h5 31. Qf4 hxg4 32. f6 Re2 33. fxg7+ Kxg7
34. Qg5+ Kf8 35. h5 Nf7 36. Qf4 Be8 37. h6 g3 38. Qxg3 Nxh6 39. Qf3+ Bf7 40.
Bxf7 Re1+ 41. Kd2 Re7 42. Bh5+ Nf7 43. Bxf7 Rxf7 44. Qa8+ Kg7 45. Qxa6 Rf2+ 46.
Ke3 Rxb2 47. Qc6 Rxa2 48. Qxc7+ Kh6 49. Qc6+ Kg7 50. Qxb5 Ra1 51. Qxc4 Rg1 52.
Qf4 Rc1 53. Kd4 Rd1+ 54. Ke5 54... Rg1 {Hossa resigns} 1-0

[Event "ICS rated blitz match"]
[Site "204.178.125.65"]
[Date "1999.10.24"]
[Round "?"]
[White "Hossa"]
[Black "toothfairy"]
[Result "1-0"]
[WhiteElo "2406"]
[BlackElo "2167"]
[PlyCount "27"]
[EventDate "1999.??.??"]

1. e4 e5 2. Bc4 Bc5 3. Nf3 Nc6 4. d3 d6 5. c3 Bb6 6. Bg5 Nge7 7. O-O O-O 8.
Nbd2 Na5 9. d4 Nxc4 10. Nxc4 f6 11. Bh4 Bg4 12. dxe5 fxe5 13. Ncxe5 Qe8 14.
Nxg4 {toothfairy resigns} 1-0

[Event "ICS rated blitz match"]
[Site "204.178.125.65"]
[Date "1999.10.24"]
[Round "?"]
[White "toothfairy"]
[Black "Hossa"]
[Result "0-1"]
[WhiteElo "2161"]
[BlackElo "2412"]
[PlyCount "72"]
[EventDate "1999.??.??"]

1. e4 e5 2. Nf3 Nf6 3. Nc3 Nc6 4. Bc4 Bc5 5. d3 d6 6. Bg5 Na5 7. Nd5 c6 8.
Nxf6+ gxf6 9. Bh4 Nxc4 10. dxc4 O-O 11. Qd2 Re8 12. O-O-O a5 13. Qh6 Re6 14.
Qh5 Bd7 15. Bg3 a4 16. Nh4 a3 17. b3 Re8 18. Nf5 Bxf5 19. Qxf5 Bd4 20. Bh4 Re6
21. g4 Rb8 22. g5 fxg5 23. Bxg5 Qf8 24. Kb1 Rg6 25. Bh4 b5 26. cxb5 Rxb5 27.
Rhg1 Qe8 28. Rdf1 d5 29. exd5 cxd5 30. Rg3 Qc6 31. Rf3 Qc7 32. Rd3 Qc4 33. Qd7
Rxb3+ 34. axb3 a2+ 35. Kxa2 Ra6+ 36. Qa4 36... Rxa4+ {toothfairy resigns} 0-1

[Event "ICS rated blitz match"]
[Site "204.178.125.65"]
[Date "1999.10.24"]
[Round "?"]
[White "toothfairy"]
[Black "Hossa"]
[Result "1-0"]
[WhiteElo "2149"]
[BlackElo "2424"]
[PlyCount "61"]
[EventDate "1999.??.??"]

1. e4 e5 2. Nf3 Nf6 3. Nc3 Nc6 4. Bc4 Bc5 5. d3 d6 6. Bg5 Na5 7. Nd5 c6 8.
Nxf6+ gxf6 9. Bh4 Nxc4 10. dxc4 O-O 11. Qd2 Re8 12. O-O-O a5 13. Qh6 Re6 14.
Rd3 Qf8 15. Qh5 Rb8 16. Nd2 Bb4 17. Rf3 Bxd2+ 18. Kxd2 Kg7 19. g4 a4 20. Rg1
Qg8 21. g5 Kh8 22. Rgg3 Qg6 23. Qxg6 hxg6 24. gxf6 Re8 25. Bg5 Be6 26. Bh6 Kg8
27. Bg7 Bg4 28. Rxg4 Re6 29. Rh3 Rxf6 30. Bxf6 b5 31. Rh8# {Hossa checkmated}
1-0